000 00366nam a22001577a 4500
003 SGT
082 _a377,RUH
100 _aRUHELA,S.P.
245 _aSOCIOLOGICAL PERSPECTIVES ON SCHOOL EDUCATION IN INDIA
250 _a1ST
260 _aDELHI
_bINDINA PUBLICATION
_c2014
300 _a335
650 _aSCHOOL EDUCATION
653 _aEDUCATION
942 _2ddc
_cBK
_01
999 _c8795
_d8795